书目信息 |
| 题名: |
Revit全过程建筑设计师
|
|
| 作者: | 夏彬 编著 | |
| 分册: | ||
| 出版信息: | 北京 清华大学出版社 2017.1 |
|
| 页数: | 12,372页 | |
| 开本: | 26cm | |
| 丛书名: | ||
| 单 册: | ||
| 中图分类: | TU201.4 | |
| 科图分类: | ||
| 主题词: | 建筑设计--计算机辅助设计--应用软件 | |
| 电子资源: | ||
| ISBN: | 978-7-302-45704-6 | |
| 000 | 00931nam0 2200229 450 | |
| 001 | 0400003876 | |
| 005 | 20171022171954.0 | |
| 010 | @a978-7-302-45704-6@dCNY99.80 | |
| 100 | @a20170215e2017 em y0chiy50 ea | |
| 101 | 0 | @achi |
| 102 | @aCN@b110000 | |
| 105 | @aa z 000yy | |
| 106 | @ar | |
| 200 | 1 | @aRevit全过程建筑设计师@9Revit quan guo cheng jian zhu she ji shi@f夏彬编著 |
| 210 | @a北京@c清华大学出版社@d2017.1 | |
| 215 | @a12,372页@c图@d26cm | |
| 330 | @a本书通过一系列Revit交互式教程,引导读者熟练掌握Revit在概念方案和方案设计中的应用,快速成为BIM全过程建筑设计师。让建筑设计师理解Revit使用中的参数和数据输出,以参数化方式使用Revit的命令;理解Revit使用的两个核心方法:“拼装化”和“处处是参数”;同时熟练掌握自适应构件的原理和应用。 | |
| 606 | 0 | @a建筑设计@x计算机辅助设计@x应用软件 |
| 690 | @aTU201.4@v5 | |
| 701 | 0 | @a夏彬@9xia bin@4编著 |
| 801 | 0 | @aCN@b91MARC@c20171022 |
| 905 | @b1027216-20@dTU201.4@f5@e1074 | |
| Revit全过程建筑设计师/夏彬编著.-北京:清华大学出版社,2017.1 |
| 12,372页:图;26cm |
| ISBN 978-7-302-45704-6:CNY99.80 |
| 本书通过一系列Revit交互式教程,引导读者熟练掌握Revit在概念方案和方案设计中的应用,快速成为BIM全过程建筑设计师。让建筑设计师理解Revit使用中的参数和数据输出,以参数化方式使用Revit的命令;理解Revit使用的两个核心方法:“拼装化”和“处处是参数”;同时熟练掌握自适应构件的原理和应用。 |
| ● |
| 相关链接 |
|
|
|
|
正题名:Revit全过程建筑设计师
索取号:TU201.4/1074
 
预约/预借
| 序号 | 登录号 | 条形码 | 馆藏地/架位号 | 状态 | 备注 |
| 1 | 1027216 | 210272168 | 第二样本阅览室/ [索取号:TU201.4/1074] | 在馆 | |
| 2 | 1027217 | 210272177 | 密集书库-生命科学系/ [索取号:TU201.4/1074] | 在馆 | |
| 3 | 1027218 | 210272186 | 第三借阅区/ [索取号:TU201.4/1074] | 在馆 | |
| 4 | 1027219 | 210272195 | 第三借阅区/ [索取号:TU201.4/1074] | 在馆 | |
| 5 | 1027220 | 210272202 | 第三借阅区/ [索取号:TU201.4/1074] | 在馆 |